MARC details
| 000 -LEADER |
| fixed length control field |
02664cam a22003378i 4500 |
| 008 - FIXED-LENGTH DATA ELEMENTS--GENERAL INFORMATION |
| fixed length control field |
230409s2023 nyu ob 001 0 eng |
| 020 ## - INTERNATIONAL STANDARD BOOK NUMBER |
| International Standard Book Number |
9781003381389 |
| Qualifying information |
(ebook) |
| 020 ## - INTERNATIONAL STANDARD BOOK NUMBER |
| International Standard Book Number |
1003381383 |
| 020 ## - INTERNATIONAL STANDARD BOOK NUMBER |
| International Standard Book Number |
9781000935301 |
| Qualifying information |
(electronic bk. : PDF) |
| 020 ## - INTERNATIONAL STANDARD BOOK NUMBER |
| International Standard Book Number |
1000935302 |
| Qualifying information |
(electronic bk. : PDF) |
| 020 ## - INTERNATIONAL STANDARD BOOK NUMBER |
| International Standard Book Number |
9781000935325 |
| Qualifying information |
(electronic bk. : EPUB) |
| 020 ## - INTERNATIONAL STANDARD BOOK NUMBER |
| International Standard Book Number |
1000935329 |
| Qualifying information |
(electronic bk. : EPUB) |
| 020 ## - INTERNATIONAL STANDARD BOOK NUMBER |
| Canceled/invalid ISBN |
9781032463711 |
| Qualifying information |
(hardback) |
| 020 ## - INTERNATIONAL STANDARD BOOK NUMBER |
| Canceled/invalid ISBN |
9781032463735 |
| Qualifying information |
(paperback) |
| 041 ## - LANGUAGE CODE |
| Language code of text/sound track or separate title |
eng |
| 082 00 - DEWEY DECIMAL CLASSIFICATION NUMBER |
| Classification number |
860.9/921282 |
| Edition number |
23/eng/20230602 |
| 100 1# - MAIN ENTRY--PERSONAL NAME |
| Personal name |
García-Bryce, Ariadna, |
| Dates associated with a name |
1968- |
| Relator term |
author. |
| 9 (RLIN) |
1514456 |
| 245 10 - TITLE STATEMENT |
| Title |
Experiencing time in the early modern Hispanic world : |
| Remainder of title |
after apocalypse / |
| Statement of responsibility, etc. |
Ariadna García-Bryce. |
| 260 #1 - PUBLICATION, DISTRIBUTION, ETC. |
| Place of publication, distribution, etc. |
New York, NY : |
| Name of publisher, distributor, etc. |
Routledge, |
| Date of publication, distribution, etc. |
2024. |
| 300 ## - PHYSICAL DESCRIPTION |
| Extent |
1 online resource. |
| 490 0# - SERIES STATEMENT |
| Series statement |
Routledge studies in Latin American and Iberian literatures |
| 505 0# - FORMATTED CONTENTS NOTE |
| Formatted contents note |
Introduction : time in early modernity -- Time troubles in Teresa of Ávila's libro de la vida -- Pious subjects for a post-millenarian New Spain -- A new new Jerusalem : Sigüenza y Góngora's Paraíso occidental -- Redeemed temporality : the infinite self in Sor Juana's "Primero sueño". |
| 520 ## - SUMMARY, ETC. |
| Summary, etc. |
"This book considers the new ways time was experienced in the 16th- and 17th-century Hispanic world in the framework of global Catholicism. It underscores the crucial role that the imitation of Christ plays in modeling how representative writers physically and mentally interiorize temporal impermanence as the Messiah's suffering body becomes a paradigmatic as well as malleable marker of the avatars of earthly history. Particular attention is paid to the ways in which authors adapt Christ-centered conceptions of existence to accommodate both a volatile post-eschatological world and the increased dominance of mechanical clock time. As novel means of communing with Christ emerge, so too do new modes of sensing and understanding time, unleashing unprecedented cultural and literary reinvention. This is demonstrated through close analyses of writings by such influential figures as Saint Ignatius of Loyola, Saint Teresa of Ávila, Carlos de Sigüenza y Góngora, and Sor Juana Inés de la Cruz"-- |
| Assigning source |
Provided by publisher. |
| 650 #0 - SUBJECT ADDED ENTRY--TOPICAL TERM |
| Topical term or geographic name entry element |
Spanish literature |
| General subdivision |
Catholic authors |
| -- |
History and criticism. |
| 9 (RLIN) |
1514457 |
| 650 #0 - SUBJECT ADDED ENTRY--TOPICAL TERM |
| Topical term or geographic name entry element |
Spanish literature |
| Chronological subdivision |
Classical period, 1500-1700 |
| General subdivision |
History and criticism. |
| 650 #0 - SUBJECT ADDED ENTRY--TOPICAL TERM |
| Topical term or geographic name entry element |
Time in literature. |
| 650 #7 - SUBJECT ADDED ENTRY--TOPICAL TERM |
| Topical term or geographic name entry element |
LITERARY CRITICISM / European / Spanish & Portuguese |
| Source of heading or term |
bisacsh |
| 9 (RLIN) |
1456561 |
| 856 40 - ELECTRONIC LOCATION AND ACCESS |
| Materials specified |
Click Here |
| Uniform Resource Identifier |
<a href="https://www.taylorfrancis.com/books/9781003381389">https://www.taylorfrancis.com/books/9781003381389</a> |
| 887 ## - NON-MARC INFORMATION FIELD |
| Content of non-MARC field |
Akhil Chandra Saren |
| 942 ## - ADDED ENTRY ELEMENTS (KOHA) |
| Koha item type |
E-Books |